Aktivity OSN voči najmenej rozvinutým štátom bakalárska práca

Gespeichert in:
Bibliographische Detailangaben
1. Verfasser: Csibrányiová, Krisztina
Körperschaft: Fakulta medzinárodných vzťahov EU. Katedra medzinárodných politických vzťahov
Weitere Verfasser: Kurucz, Milan, 1954-
Format: Buch
Sprache:Slowakisch
Veröffentlicht: Bratislava 2019
Tags: Tag hinzufügen
Keine Tags, Fügen Sie das erste Tag hinzu!

MARC

LEADER 00000nbm a2200000 4500
001 0257818
005 20191002110102.8
041 0 |a slo 
044 |a SK 
245 1 0 |a Aktivity OSN voči najmenej rozvinutým štátom  |b bakalárska práca  |c Krisztina Csibrányiová ; školiteľ: Milan Kurucz 
264 1 |a Bratislava  |c 2019 
300 |a 64 s. 
100 1 |a Csibrányiová, Krisztina 
700 1 |a Kurucz, Milan, 1954- 
710 2 |a Fakulta medzinárodných vzťahov EU. Katedra medzinárodných politických vzťahov